| 000 | 02083cam a22003491 4500 | ||
|---|---|---|---|
| 001 | gs 42000198 | ||
| 003 | DLC | ||
| 005 | 20260227111347.0 | ||
| 008 | 810911s1942 ksuab b s001 0 eng c | ||
| 010 | _ags 42000198 | ||
| 035 | _a(OCoLC)7753044 | ||
| 040 |
_aU.S. Geol. Survey. Libr. _cGStG _dWaChenE _dOCoLC _dDLC |
||
| 042 | _apremarc | ||
| 043 | _an-us-ks | ||
| 050 | 0 | 0 |
_aQE113 _b.A2 no. 40 |
| 082 | _a551.4909781715 | ||
| 100 | 1 |
_aMcLaughlin, Thad G. _q(Thad Gerald), _d1913- |
|
| 245 | 1 | 0 |
_aGeology and ground-water resources of Morton County, Kansas / _cby Thad G. McLaughlin ; with analyses by Robert H. Hess ... |
| 260 |
_aTopeka : _bKansas State Printing Plant, _c1942. |
||
| 300 |
_a126 p. : _bincl. illus., tables, diagrs., 2 fold. maps (in pocket) fold. profile ; _c23 cm. |
||
| 490 | 1 |
_aKansas. State Geological Survey. Bulletin _v40 |
|
| 500 | _aUniversity of Kansas Publications. | ||
| 500 | _aAt head of title: State Geological Survey of Kansas. Division of Ground Water. | ||
| 500 | _a"Prepared by the United States Geological Survey and the State Geological Survey of Kansas with the cooperation of the Division of Sanitation of the Kansas State Board of Health, and the Division of Water Resources of the Kansas State Board of Agriculture." | ||
| 501 |
_aWith : Ground-water supplies in Kansas available for national defense industries / by S.W. Lohman, J.C. Frye, H.A. Waite, V.C. Fishel, T.G. McLaughlin, B.F. Latta and G.E. Abernathy, 1942 -- Pleistocene mammals from Kansas / by Claude W. Hibbard ; A new species of cyprinidontid fish from the middle Pliocene of Kansas, by Claude W. Hibbard and David H. Dunkle, 1942 -- Kansas bentonite : its properties and utilization / by E.D. Kinney, 1942. Bound together subsequent to publication. _5DLC |
||
| 504 | _a"References": p. 90-91. | ||
| 650 | 0 |
_aGeology _zKansas _zMorton County. |
|
| 650 | 0 |
_aGroundwater _zKansas _zMorton County. |
|
| 650 | 0 |
_aWater-supply _zKansas _zMorton County. |
|
| 830 | 0 |
_aBulletin (Kansas Geological Survey) ; _vno. 40. |
|
| 830 | 0 | _aUniversity of Kansas Publications. | |
| 999 |
_c27805 _d27805 |
||